Nghiên cứu ảnh hưởng của Hexaconazole đến sinh trưởng, năng suất và chất lượng củ của một số giống khoai lang tím (Ipomoea batatas (L.) Lam.) : Báo cáo tổng kết đề tài Khoa học và Công nghệ cấp Trường

Xác định loại hóa chất và liều lượng bổ sung Hexaconazole thích hợp đến sự sinh trưởng, năng suất, chất lượng và hàm lượng anthocyanin trong thịt củ của một số giống khoai lang tím trồng ở huyện Bình Tân, tỉnh Vĩnh Long....

Fuld beskrivelse

Đã lưu trong:
Bibliografiske detaljer
Hovedforfatter: Phạm, Thị Phương Thảo
Format: Bog
Sprog:Undetermined
Udgivet: Cần Thơ Trường Đại học Cần Thơ 2016
Fag:
Tags: Tilføj Tag
Ingen Tags, Vær først til at tagge denne postø!
Thư viện lưu trữ: Trung tâm Học liệu Trường Đại học Cần Thơ
LEADER 01329nam a2200205Ia 4500
001 CTU_223205
008 210402s9999 xx 000 0 und d
082 |a 635.22 
082 |b Th108 
088 |a T2016-64 
100 |a Phạm, Thị Phương Thảo 
245 0 |a Nghiên cứu ảnh hưởng của Hexaconazole đến sinh trưởng, năng suất và chất lượng củ của một số giống khoai lang tím (Ipomoea batatas (L.) Lam.) : 
245 0 |b Báo cáo tổng kết đề tài Khoa học và Công nghệ cấp Trường 
245 0 |c Phạm Thị Phương Thảo (Chủ nhiệm đề tài) ; Phan Hữu Nghĩa, Lê Thị Hoàng Yến, Trịnh Quốc Việt (Thành viên tham gia) 
260 |a Cần Thơ 
260 |b Trường Đại học Cần Thơ 
260 |c 2016 
520 |a Xác định loại hóa chất và liều lượng bổ sung Hexaconazole thích hợp đến sự sinh trưởng, năng suất, chất lượng và hàm lượng anthocyanin trong thịt củ của một số giống khoai lang tím trồng ở huyện Bình Tân, tỉnh Vĩnh Long. 
650 |a Cây khoai lang,Sweet potatoes 
980 |a Trung tâm Học liệu Trường Đại học Cần Thơ